| 000 | 01338nam a2200289 a 4500 | ||
|---|---|---|---|
| 001 | BRCA_937 | ||
| 005 | 20190320203219.0 | ||
| 008 | 980610s1997 mx-a---##b---#001-0#spa-# | ||
| 020 | _a9686258590 | ||
| 040 |
_aDLC _cDLC _dDLC |
||
| 050 | 4 |
_aNK5962 _b.E88 1997 |
|
| 100 | 1 |
_aEstella Marcos, Margarita M. _93092 |
|
| 245 | 1 | 0 |
_aMarfiles _bde las provincias ultramarinas orientales de España y Portugal _cMargarita Mercedes Estella Marcos ; prólogo Guillermo Tovar de Teresa ; edición Lydia Sada de González ; fotografía José Ignacio González Manterola. |
| 260 |
_aMonterrey, México _bCydsa _c1997 |
||
| 300 |
_a351 p. _bil. a color, mapas _c34 cm. |
||
| 500 | _aIncluye índice onomástico y glosario | ||
| 504 | _aBibliografía: p. 341-345 | ||
| 650 | 1 | 4 |
_aMarfiles _vCatálogos _xInfluencias portuguesas _zAsia del Sur _93093 |
| 650 | 1 | 4 |
_aMarfiles _vCatálogos _xInfluencias españolas _zFilipinas _93094 |
| 650 | 1 | 4 |
_aArte cristiano y simbolismo _vCatálogos _yPeriodo moderno, 1500- _zAsia del Sur _93095 |
| 650 | 1 | 4 |
_aArte cristiano y simbolismo _vCatálogos _zFilipinas _93096 |
| 650 | 1 | 4 |
_aMarfiles _vTrabajos Ilustrados _xInfluencias portuguesas _zAsia del Sur _93097 |
| 700 | 1 |
_aTovar de Teresa, Guillermo _93098 |
|
| 700 | 1 |
_aSada de González, Lydia _93099 |
|
| 700 | 1 |
_aGonzález Manterola, José Ignacio _92339 |
|
| 942 |
_2lcc _cB |
||
| 999 |
_c826 _d826 |
||